000 01175nam a2200301 i 4500
001 190795
003 ES-MaACL
005 20240203125938.0
008 220712s2018 sp a 001 0cspa
020 _a978-84-949516-2-6
080 _a929 Arencibia Gil, José
080 _a929(460.41)"19":7
080 _a94(460)"1936/39"(0:7)
100 1 _aJiménez Martel, Germán.
_966559
245 1 3 _aLa guerra civil :
_bJosé Arencibia Gil y otros artistas canarios /
_cGermán Jiménez Martel.
250 _a1ª ed.
260 _aRivas-Vaciamadrid (Madrid) :
_bMercurio Editorial,
_c2018.
300 _a297 p. :
_bil. col. ;
_c24 cm.
504 _aBibliografía: p. [95]-100.
600 1 4 _aArencibia Gil, José.
_922612
650 4 _aArtistas-
_zCanarias-
_xBiografías.
_9174840
651 0 _aEspaña-
_xHistoria-
_y1936-1939, Guerra civil-
_xArte y guerra
_9195505
852 4 _aES-MaACL
_j A-15018
_9197978
_bA-15018
_cDEPO1
_dOlim: N-8018
_g Dedicatoria autógrafa del autor
_hDonación: German Jiménez Martel
903 _966559
_aJiménez Martel, Germán
_ednr
942 _2udc
_cMONOGRAFIA
999 _c190795
_d190795